Acta oeconomica et informatica vedecký časopis pre ekonomiku a informatiku v poľnohospodárstve

Saved in:
Bibliographic Details
Format: Serial
Language:Slovak
Published: Nitra Slovenská poľnohospodárska univerzita v Nitre
Subjects:
Tags: Add Tag
No Tags, Be the first to tag this record!

MARC

LEADER 00000nas1a2200000 4500
001 s122126
005 20231012083000.6
022 |a 1336-9261 
022 |a 1335-2571 
041 0 |a slo 
044 |a SK 
245 1 0 |a Acta oeconomica et informatica  |b vedecký časopis pre ekonomiku a informatiku v poľnohospodárstve 
264 1 |a Nitra  |b Slovenská poľnohospodárska univerzita v Nitre 
500 |a Vydávanie časopisu je ukončené 
610 2 0 |a poľnohospodárstvo 
610 2 0 |a informatika